<?xml version="1.0" encoding="UTF-8"?>
<record
    xmlns:xsi="http://www.w3.org/2001/XMLSchema-instance"
    xsi:schemaLocation="http://www.loc.gov/MARC21/slim http://www.loc.gov/standards/marcxml/schema/MARC21slim.xsd"
    xmlns="http://www.loc.gov/MARC21/slim">

  <leader>00739cam a22002651a 4500</leader>
  <datafield tag="999" ind1=" " ind2=" ">
    <subfield code="c">18720</subfield>
    <subfield code="d">18720</subfield>
  </datafield>
  <controlfield tag="001">YPZ87849</controlfield>
  <controlfield tag="003">YPZ</controlfield>
  <controlfield tag="005">20201103082530.0</controlfield>
  <controlfield tag="008">080317|###########||||||b||||||||||spa|d</controlfield>
  <datafield tag="020" ind1=" " ind2=" ">
    <subfield code="a">9507826432</subfield>
  </datafield>
  <datafield tag="020" ind1=" " ind2=" ">
    <subfield code="a">9507826424 (o.c.)</subfield>
  </datafield>
  <datafield tag="040" ind1=" " ind2=" ">
    <subfield code="c">SIUNPA</subfield>
  </datafield>
  <datafield tag="041" ind1=" " ind2=" ">
    <subfield code="a">spa</subfield>
  </datafield>
  <datafield tag="044" ind1=" " ind2=" ">
    <subfield code="a">ag</subfield>
  </datafield>
  <datafield tag="080" ind1=" " ind2=" ">
    <subfield code="a">77(82) F761f</subfield>
  </datafield>
  <datafield tag="245" ind1=" " ind2=" ">
    <subfield code="a">La fotograf&#xED;a en la historia argentina</subfield>
  </datafield>
  <datafield tag="250" ind1=" " ind2=" ">
    <subfield code="a">1a ed.</subfield>
  </datafield>
  <datafield tag="260" ind1=" " ind2=" ">
    <subfield code="a">Buenos Aires</subfield>
    <subfield code="b"> : Arte Gr&#xE1;fico Editorial Argentino</subfield>
    <subfield code="c"> , 2005</subfield>
  </datafield>
  <datafield tag="300" ind1=" " ind2=" ">
    <subfield code="a">v.</subfield>
    <subfield code="b">: il.</subfield>
  </datafield>
  <datafield tag="500" ind1=" " ind2=" ">
    <subfield code="a">Realizado para celebrar los 60 a&#xF1;os de existencia del diario Clar&#xED;n</subfield>
  </datafield>
  <datafield tag="500" ind1=" " ind2=" ">
    <subfield code="a">La biblioteca posee v. 1-3</subfield>
  </datafield>
  <datafield tag="650" ind1=" " ind2=" ">
    <subfield code="a"> HISTORIA DE LA FOTOGRAFIA</subfield>
  </datafield>
  <datafield tag="650" ind1=" " ind2=" ">
    <subfield code="a"> HISTORIA ARGENTINA</subfield>
  </datafield>
  <datafield tag="942" ind1=" " ind2=" ">
    <subfield code="c">BK</subfield>
    <subfield code="2">udc</subfield>
  </datafield>
  <datafield tag="952" ind1=" " ind2=" ">
    <subfield code="0">0</subfield>
    <subfield code="1">0</subfield>
    <subfield code="2">udc</subfield>
    <subfield code="3">1</subfield>
    <subfield code="4">0</subfield>
    <subfield code="7">0</subfield>
    <subfield code="8">CG</subfield>
    <subfield code="a">BIB_RECT</subfield>
    <subfield code="b">BIB_UARG</subfield>
    <subfield code="d">2008-03-11</subfield>
    <subfield code="e">Donaci&#xF3;n Huenchur, Laura</subfield>
    <subfield code="g">19.00</subfield>
    <subfield code="i">05-34577</subfield>
    <subfield code="o">77(82) F761f</subfield>
    <subfield code="p">05-34577</subfield>
    <subfield code="r">2019-04-03</subfield>
    <subfield code="w">2019-04-03</subfield>
    <subfield code="y">BK</subfield>
  </datafield>
  <datafield tag="952" ind1=" " ind2=" ">
    <subfield code="0">0</subfield>
    <subfield code="1">0</subfield>
    <subfield code="2">udc</subfield>
    <subfield code="3">2</subfield>
    <subfield code="4">0</subfield>
    <subfield code="7">0</subfield>
    <subfield code="8">CG</subfield>
    <subfield code="a">BIB_RECT</subfield>
    <subfield code="b">BIB_UARG</subfield>
    <subfield code="d">2008-03-11</subfield>
    <subfield code="e">Donaci&#xF3;n Huenchur, Laura</subfield>
    <subfield code="g">19.00</subfield>
    <subfield code="i">05-34578</subfield>
    <subfield code="o">77(82) F761f</subfield>
    <subfield code="p">05-34578</subfield>
    <subfield code="r">2019-04-03</subfield>
    <subfield code="w">2019-04-03</subfield>
    <subfield code="y">BK</subfield>
  </datafield>
  <datafield tag="952" ind1=" " ind2=" ">
    <subfield code="0">0</subfield>
    <subfield code="1">0</subfield>
    <subfield code="2">udc</subfield>
    <subfield code="3">3</subfield>
    <subfield code="4">0</subfield>
    <subfield code="7">0</subfield>
    <subfield code="8">CG</subfield>
    <subfield code="a">BIB_RECT</subfield>
    <subfield code="b">BIB_UARG</subfield>
    <subfield code="d">2008-03-11</subfield>
    <subfield code="e">Donaci&#xF3;n Huenchur, Laura</subfield>
    <subfield code="g">19.00</subfield>
    <subfield code="i">05-34579</subfield>
    <subfield code="o">77(82) F761f</subfield>
    <subfield code="p">05-34579</subfield>
    <subfield code="r">2019-04-03</subfield>
    <subfield code="w">2019-04-03</subfield>
    <subfield code="y">BK</subfield>
  </datafield>
</record>
